000 01368nam a22003737a 4500
003 CHAP
005 20220329134145.0
008 971013s1979 r 00010 d
010 _a16300
011 _a17272
035 _a21355
040 _cCHAP
090 _aTesis
100 0 0 _aGutiérrez Peña, David.
_951794
245 _aComportamiento, adaptación y rendimiento de cinco variedades de sandía (Citrullus vulgaris L.) en siembra directa y transplante en Apodaca, N.L.
260 _a(Monterrey, N.L.) :
_bEl autor,
_c1979
300 _a70 h
502 _aTesis (Ing. Agrónomo en Producción Agropecuaria) -- ITESM. Div. de Ciencias Agropecuarias y Marítimas
590 _aALEPH
_b10
_c20130110
_lUCH01
_h1238
590 _aBATCH-UPD
_b10
_c20130110
_lUCH01
_h0256
590 _aBATCH-UPD
_b10
_c20130110
_lUCH01
_h1212
590 _aBATCH-UPD
_b10
_c20130409
_lUCH01
_h2327
590 _aBATCH-UPD
_b10
_c20130410
_lUCH01
_h1427
590 _aBATCH-UPD
_b10
_c20130914
_lUCH01
_h2013
590 _aCONVERSION
_b10
_c20130109
_lUCH01
_h1310
650 1 4 _aSandía
_xEfecto del medio ambiente.
_9102062
650 1 4 _aSandía
_xNuevo León.
_9102074
650 1 4 _aSandía
_xRendimiento.
_9102081
650 1 4 _aSandía
_xTransplante.
_9102084
650 1 4 _aSandía
_xVariedades.
_9102087
901 _aBK
942 _cTESIS
949 _bBC
_cTES
_d-49731
_eTS1
_i21355
_si
999 _c16300
_d16300